[Event "IECC TH-M-3077"]
[Site "IECC email"]
[Date "2016.10.05"]
[Round "?"]
[White "Williams, Derek"]
[Black "Domingues, Marcos"]
[Result "0-1"]
[WhiteElo "1480"]
[BlackElo "1420"]
[PlyCount "44"]
[EventDate "2016.??.??"]
[EventType "tourn (corr)"]
[SourceTitle "Corr 2020"]
[Source "ChessBase"]
[SourceDate "2019.09.30"]
[SourceVersion "1"]
[SourceVersionDate "2019.09.30"]
[SourceQuality "1"]
[WhiteTeam "United States"]
[BlackTeam "Brazil"]
[WhiteTeamCountry "USA"]
[BlackTeamCountry "BRA"]

1. e4 d6 2. d4 Nf6 3. Nc3 g6 4. f4 Bg7 5. Bd3 0-0 6. Nf3 Na6 7. 0-0 c5 8. Bxa6 cxd4 9. Nxd4 bxa6 10. Qd3 Bb7 11. f5 Qb6 12. Be3 Ng4 13. fxg6 Nxe3 14. gxf7+ Kh8 15. Qxe3 Bxd4 16. Qxd4+ Qxd4+ 17. Kh1 Qg7 18. Kg1 Rxf7 19. a4 Rg8 20. g3 Qd4+ 21. Kg2 Rgf8 22. Rxf7 Rxf7 0-1

[Event "IECC KO-2127"]
[Site "IECC email"]
[Date "2016.02.02"]
[Round "?"]
[White "Williams, Derek"]
[Black "Mathes, Christian"]
[Result "0-1"]
[WhiteElo "1512"]
[BlackElo "1691"]
[PlyCount "50"]
[EventDate "2015.??.??"]
[EventType "match (corr)"]
[EventRounds "2"]
[SourceTitle "Corr 2020"]
[Source "ChessBase"]
[SourceDate "2019.09.30"]
[SourceVersion "1"]
[SourceVersionDate "2019.09.30"]
[SourceQuality "1"]
[WhiteTeam "United States"]
[BlackTeam "Germany"]
[WhiteTeamCountry "USA"]
[BlackTeamCountry "GER"]

1. Nc3 d5 2. d4 c6 3. Bf4 Bf5 4. e3 e6 5. g4 Bg6 6. Qe2 Nf6 7. 0-0-0 b5 8. h4 h6 9. h5 Bh7 10. Rh3 Qa5 11. Qf3 b4 12. Nb1 Qxa2 13. Bd3 Bxd3 14. Rxd3 Nbd7 15. Ne2 c5 16. Be5 c4 17. Rd1 Ne4 18. Rdh1 c3 19. bxc3 b3 20. cxb3 Ba3+ 21. Nxa3 Qxa3+ 22. Kd1 Nxe5 23. dxe5 Qa1+ 24. Kc2 Qa2+ 25. Kd3 Qd2# 0-1

[Event "IECC M1-2015.T025"]
[Site "IECC email"]
[Date "2015.08.31"]
[Round "?"]
[White "Graupera, Carlos"]
[Black "Williams, Derek"]
[Result "0-1"]
[WhiteElo "1533"]
[BlackElo "1511"]
[PlyCount "60"]
[EventDate "2015.??.??"]
[EventType "match (corr)"]
[EventRounds "2"]
[SourceTitle "Corr 2020"]
[Source "ChessBase"]
[SourceDate "2019.09.30"]
[SourceVersion "1"]
[SourceVersionDate "2019.09.30"]
[SourceQuality "1"]
[WhiteTeam "United States"]
[BlackTeam "United States"]
[WhiteTeamCountry "USA"]
[BlackTeamCountry "USA"]

1. e4 e5 2. Nf3 Nc6 3. Bb5 a6 4. Ba4 Nf6 5. Qe2 Bc5 6. d3 b5 7. Bb3 0-0 8. Bg5 h6 9. Bh4 g5 10. Bg3 d6 11. c3 Bd7 12. Nbd2 Nh5 13. 0-0-0 b4 14. Bd5 a5 15. d4 Bb6 16. dxe5 bxc3 17. bxc3 dxe5 18. Bxe5 Nxe5 19. Nxe5 Nf4 20. Qf3 Nxd5 21. exd5 Ba4 22. Rde1 Bc5 23. Nec4 Ra6 24. Ne4 Be7 25. Ng3 Bb5 26. Ne3 Ba3+ 27. Kd2 Re8 28. h4 gxh4 29. Ngf5 Be7 30. Nxh6+ Rxh6 0-1

[Event "IECC KO-2128"]
[Site "IECC email"]
[Date "2015.08.26"]
[Round "?"]
[White "Hutton, Andrew"]
[Black "Williams, Derek"]
[Result "1-0"]
[WhiteElo "1246"]
[BlackElo "1531"]
[PlyCount "57"]
[EventDate "2015.??.??"]
[EventType "match (corr)"]
[EventRounds "2"]
[SourceTitle "Corr 2020"]
[Source "ChessBase"]
[SourceDate "2019.09.30"]
[SourceVersion "1"]
[SourceVersionDate "2019.09.30"]
[SourceQuality "1"]
[WhiteTeam "Hong Kong"]
[BlackTeam "United States"]
[WhiteTeamCountry "HKG"]
[BlackTeamCountry "USA"]

1. e4 d5 2. d4 dxe4 3. c4 Nf6 4. Be3 e6 5. Nc3 Nc6 6. g3 Bb4 7. Nge2 0-0 8. Bg2 e5 9. d5 Na5 10. Qa4 Bxc3+ 11. Nxc3 b6 12. Nxe4 Nxe4 13. Bxe4 f5 14. Bd3 f4 15. Bd2 e4 16. Bxe4 Qe7 17. f3 Bd7 18. Qc2 fxg3 19. hxg3 g6 20. 0-0-0 Rad8 21. d6 cxd6 22. Bd5+ Kg7 23. Rde1 Qxe1+ 24. Bxe1 Bf5 25. Bc3+ Rf6 26. Bxf6+ Kxf6 27. Qc3+ Kg5 28. f4+ Kg4 29. Rh4# 1-0

[Event "IECC CL5-2015.02 email"]
[Site "IECC email"]
[Date "2015.04.28"]
[Round "?"]
[White "Williams, Derek"]
[Black "Balmelle, Jean Luc"]
[Result "0-1"]
[WhiteElo "1529"]
[BlackElo "1609"]
[PlyCount "114"]
[EventDate "2015.??.??"]
[EventType "tourn (corr)"]
[EventRounds "4"]
[SourceTitle "Corr 2020"]
[Source "ChessBase"]
[SourceDate "2019.09.30"]
[SourceVersion "1"]
[SourceVersionDate "2019.09.30"]
[SourceQuality "1"]
[WhiteTeam "United States"]
[BlackTeam "France"]
[WhiteTeamCountry "USA"]
[BlackTeamCountry "FRA"]

1. Nc3 d6 2. d4 Nf6 3. e4 e5 4. dxe5 dxe5 5. Qxd8+ Kxd8 6. Bg5 c6 7. 0-0-0+ Ke8 8. Nf3 Nbd7 9. Bd3 Bc5 10. Rd2 Bb6 11. Rhd1 Bc7 12. a3 h6 13. Bh4 Nc5 14. Bxf6 gxf6 15. Bf1 Be6 16. b4 Nd7 17. Nh4 Rd8 18. Nf5 Bxf5 19. exf5 Ke7 20. Ne4 a6 21. Bc4 Nb6 22. Bd3 Nc8 23. Kb1 Nd6 24. Nc5 a5 25. h3 axb4 26. axb4 Rhg8 27. g4 h5 28. gxh5 Rh8 29. Be2 b6 30. Na6 Ne4 31. Rxd8 Bxd8 32. Kb2 Nxf2 33. Rd2 Ne4 34. Rd3 Nd6 35. Bg4 b5 36. Nb8 Bb6 37. Nxc6+ Kd7 38. Bf3 Kc7 39. Ne7 e4 40. Rc3+ Kd7 41. Nd5 Bd4 42. Be2 Nxf5 43. Bxb5+ Kd6 44. Bc4 Rxh5 45. Nf4 Rh4 46. Ne2 Bxc3+ 47. Nxc3 e3 48. Bd3 Rxb4+ 49. Ka3 Rf4 50. Nb5+ Ke5 51. Kb3 Nd4+ 52. Nxd4 Rxd4 53. Kc3 f5 54. Be2 Rd2 55. Bf3 Kf4 56. Bh5 f6 57. Bg6 Rh2 0-1

[Event "IECC KO-2127"]
[Site "IECC email"]
[Date "2015.04.04"]
[Round "?"]
[White "Crowley, Mike"]
[Black "Williams, Derek"]
[Result "0-1"]
[WhiteElo "1356"]
[BlackElo "1456"]
[PlyCount "54"]
[EventDate "2015.??.??"]
[EventType "match (corr)"]
[EventRounds "2"]
[SourceTitle "Corr 2020"]
[Source "ChessBase"]
[SourceDate "2019.09.30"]
[SourceVersion "1"]
[SourceVersionDate "2019.09.30"]
[SourceQuality "1"]
[WhiteTeam "United States"]
[BlackTeam "United States"]
[WhiteTeamCountry "USA"]
[BlackTeamCountry "USA"]

1. e4 d5 2. exd5 Nf6 3. Bb5+ Bd7 4. Nc3 Bxb5 5. Nxb5 Nxd5 6. Nf3 Qd7 7. c4 a6 8. Ne5 Qe6 9. d4 axb5 10. cxd5 Qxd5 11. Bf4 Qxg2 12. Qf3 Qxf3 13. Nxf3 Na6 14. 0-0-0 Nb4 15. Kb1 c6 16. a3 Nd5 17. Bd2 e6 18. h4 b4 19. axb4 Bxb4 20. Kc2 0-0 21. Bxb4 Nxb4+ 22. Kb3 Nd5 23. Ra1 f6 24. Kc4 Nf4 25. b3 Kf7 26. Nd2 Rfd8 27. Nf3 h6 0-1

[Event "P-4941"]
[Site "IECC email"]
[Date "2015.01.07"]
[Round "?"]
[White "Williams, Derek"]
[Black "Maggiora, Aldo"]
[Result "0-1"]
[WhiteElo "1534"]
[BlackElo "1626"]
[PlyCount "68"]
[EventDate "2015.??.??"]
[EventType "tourn (corr)"]
[SourceTitle "Corr 2020"]
[Source "ChessBase"]
[SourceDate "2019.09.30"]
[SourceVersion "1"]
[SourceVersionDate "2019.09.30"]
[SourceQuality "1"]
[WhiteTeam "United States"]
[BlackTeam "Italy"]
[WhiteTeamCountry "USA"]
[BlackTeamCountry "ITA"]

1. Nc3 d5 2. d4 Nf6 3. Nf3 e6 4. e3 Bd6 5. Bd3 0-0 6. 0-0 Nc6 7. e4 dxe4 8. Nxe4 Nxe4 9. Bxe4 h6 10. Qe2 Qf6 11. Be3 Bd7 12. c4 Rad8 13. c5 Be7 14. Rfe1 a5 15. h3 Kh8 16. Rac1 Be8 17. Bd2 Nxd4 18. Nxd4 Qxd4 19. Bxa5 b6 20. Bc3 Qa4 21. cxb6 cxb6 22. b3 Qa7 23. Qe3 f6 24. Bd4 Rd6 25. a4 e5 26. Bc3 Rd8 27. Red1 Bf7 28. Bb2 Bc5 29. Qf3 Qe7 30. Bd5 Bxd5 31. Rxd5 e4 32. Qh5 e3 33. Re1 exf2+ 34. Kh2 fxe1Q 0-1

[Event "IECC Swiss-572.2"]
[Site "IECC email"]
[Date "2014.12.04"]
[Round "?"]
[White "Williams, Derek"]
[Black "Watson, Roger E"]
[Result "0-1"]
[WhiteElo "1518"]
[BlackElo "1427"]
[PlyCount "90"]
[EventDate "2014.??.??"]
[EventType "swiss (corr)"]
[EventRounds "1"]
[SourceTitle "Corr 2020"]
[Source "ChessBase"]
[SourceDate "2019.09.30"]
[SourceVersion "1"]
[SourceVersionDate "2019.09.30"]
[SourceQuality "1"]
[WhiteTeam "United States"]
[BlackTeam "United States"]
[WhiteTeamCountry "USA"]
[BlackTeamCountry "USA"]

1. Nc3 d5 2. d4 Nf6 3. Nf3 Bf5 4. e3 e6 5. Be2 c5 6. 0-0 Nc6 7. Nh4 Bg6 8. dxc5 Bxc5 9. Nxg6 hxg6 10. h3 a6 11. Na4 Bd6 12. c4 dxc4 13. Bxc4 b5 14. Be2 bxa4 15. Qxa4 Qc8 16. Bd2 Nd7 17. Rfc1 Nc5 18. Qc4 a5 19. Qc3 0-0 20. Bf3 Ra6 21. a3 a4 22. Be2 Rb6 23. Bf3 Qa6 24. Re1 Rfb8 25. Be2 Qb7 26. Bd1 Rxb2 27. Bc2 Qb6 28. Rad1 Be5 29. Qc4 Na5 30. Bxa5 Qxa5 31. Rc1 Nb3 32. Rcd1 Ra2 33. f4 Qc7 34. Qe4 Qxc2 35. Qxc2 Rxc2 36. fxe5 Ra2 37. Rd7 Nc5 38. Rc7 Nd3 39. Rf1 Rbb2 40. Rfxf7 Rxg2+ 41. Kf1 Nxe5 42. Rf4 g5 43. Rc8+ Kh7 44. Rc5 gxf4 45. Rxe5 f3 0-1

[Event "IECC KO-5088"]
[Site "IECC email"]
[Date "2014.07.09"]
[Round "?"]
[White "Jordaan, Wayne"]
[Black "Williams, Derek"]
[Result "1-0"]
[WhiteElo "1863"]
[BlackElo "1497"]
[PlyCount "57"]
[EventDate "2014.??.??"]
[EventType "match (corr)"]
[EventRounds "2"]
[SourceTitle "Corr 2020"]
[Source "ChessBase"]
[SourceDate "2019.09.30"]
[SourceVersion "1"]
[SourceVersionDate "2019.09.30"]
[SourceQuality "1"]
[WhiteTeam "South Africa"]
[BlackTeam "United States"]
[WhiteTeamCountry "RSA"]
[BlackTeamCountry "USA"]

1. d4 d5 2. c4 dxc4 3. Nf3 b5 4. a4 c6 5. axb5 cxb5 6. Nc3 Bd7 7. Ne5 a6 8. b3 cxb3 9. e3 Nf6 10. Nxd7 Nbxd7 11. Bd3 e6 12. 0-0 Bd6 13. Qxb3 0-0 14. Bd2 Qe7 15. Ne2 Nd5 16. e4 Bb4 17. exd5 Bxd2 18. Qc2 Bg5 19. dxe6 Nf6 20. exf7+ Qxf7 21. Ng3 Bf4 22. Ne4 Nd5 23. Qb2 Qh5 24. g3 Bg5 25. Qb3 Be7 26. Nc3 Rad8 27. Be4 Bf6 28. Nxd5 Bxd4 29. Nf6+ 1-0

[Event "IECC CL5-2014.02 email"]
[Site "IECC email"]
[Date "2014.05.03"]
[Round "?"]
[White "Williams, Derek"]
[Black "Washington, Christopher Will"]
[Result "1-0"]
[WhiteElo "1560"]
[BlackElo "1455"]
[PlyCount "51"]
[EventDate "2014.??.??"]
[EventType "tourn (corr)"]
[EventRounds "4"]
[SourceTitle "Corr 2020"]
[Source "ChessBase"]
[SourceDate "2019.09.30"]
[SourceVersion "1"]
[SourceVersionDate "2019.09.30"]
[SourceQuality "1"]
[WhiteTeam "United States"]
[BlackTeam "United States"]
[WhiteTeamCountry "USA"]
[BlackTeamCountry "USA"]

1. e4 g6 2. Nf3 Bg7 3. Bc4 d6 4. 0-0 e6 5. d4 a6 6. d5 e5 7. Nc3 Ne7 8. a4 b6 9. Ne1 0-0 10. f4 exf4 11. Bxf4 h6 12. Nd3 Nd7 13. Qf3 g5 14. Bg3 Ng6 15. Qh5 Nf6 16. Qf3 Ng4 17. Rad1 N6e5 18. Nxe5 Nxe5 19. Bxe5 Bxe5 20. Qh5 Bg7 21. e5 dxe5 22. d6 cxd6 23. Bxf7+ Kh8 24. Ne4 Ra7 25. Rxd6 Raxf7 26. Rxf7 1-0

[Event "IECC KO-2121"]
[Site "IECC email"]
[Date "2013.12.26"]
[Round "?"]
[White "Williams, Derek"]
[Black "Phillips, Dave"]
[Result "1-0"]
[WhiteElo "1547"]
[BlackElo "1244"]
[PlyCount "45"]
[EventDate "2013.??.??"]
[EventType "match (corr)"]
[EventRounds "2"]
[SourceTitle "Corr 2020"]
[Source "ChessBase"]
[SourceDate "2019.09.30"]
[SourceVersion "1"]
[SourceVersionDate "2019.09.30"]
[SourceQuality "1"]
[WhiteTeam "United States"]
[BlackTeam "England"]
[WhiteTeamCountry "USA"]
[BlackTeamCountry "ENG"]

1. e4 e5 2. Nf3 d6 3. d4 Nf6 4. dxe5 Nxe4 5. Bc4 c6 6. 0-0 Be7 7. Nbd2 Nxd2 8. Qxd2 0-0 9. exd6 Qxd6 10. Re1 Qxd2 11. Bxd2 b5 12. Rxe7 bxc4 13. Ne5 Be6 14. Re1 f6 15. Rxe6 fxe5 16. R6xe5 Nd7 17. Re6 Rf6 18. Re7 Rd8 19. Ba5 Nb6 20. Rxa7 Na4 21. Bxd8 Nxb2 22. Bxf6 gxf6 23. Re8# 1-0

[Event "IECC KO-2122"]
[Site "IECC email"]
[Date "2013.10.13"]
[Round "?"]
[White "Humphreys, Bill"]
[Black "Williams, Derek"]
[Result "1-0"]
[WhiteElo "1257"]
[BlackElo "1512"]
[PlyCount "36"]
[EventDate "2013.??.??"]
[EventType "match (corr)"]
[EventRounds "2"]
[SourceTitle "Corr 2020"]
[Source "ChessBase"]
[SourceDate "2019.09.30"]
[SourceVersion "1"]
[SourceVersionDate "2019.09.30"]
[SourceQuality "1"]
[WhiteTeam "United States"]
[BlackTeam "United States"]
[WhiteTeamCountry "USA"]
[BlackTeamCountry "USA"]

1. d4 Nf6 2. Bf4 e6 3. Nf3 Be7 4. e3 Nh5 5. Bg3 0-0 6. Bd3 Nxg3 7. hxg3 h6 8. Nbd2 Nc6 9. c3 d5 10. Qc2 a5 11. 0-0-0 a4 12. a3 Nb8 13. Ne5 c5 14. Ng4 Nd7 15. Nf3 Qc7 16. Nfe5 Ra5 17. Nxh6+ Kh8 18. Nhxf7+ Kg8 1-0

[Event "IECC CL5-2013.07 email"]
[Site "IECC email"]
[Date "2013.09.15"]
[Round "?"]
[White "Ciklabakkal, Metin"]
[Black "Williams, Derek"]
[Result "1-0"]
[WhiteElo "1489"]
[BlackElo "1486"]
[PlyCount "75"]
[EventDate "2013.??.??"]
[EventType "tourn (corr)"]
[EventRounds "4"]
[SourceTitle "Telechess CBM 165"]
[Source "ChessBase"]
[SourceDate "2015.03.11"]
[SourceVersion "1"]
[SourceVersionDate "2015.03.11"]
[SourceQuality "1"]
[WhiteTeam "Turkey"]
[BlackTeam "US of America"]
[WhiteTeamCountry "TUR"]
[BlackTeamCountry "USA"]

1. e4 d5 2. exd5 Qxd5 3. Nc3 Qd6 4. d4 Nf6 5. Be2 Bf5 6. g3 Nc6 7. Nf3 0-0-0 8. Bf4 Qb4 9. Rb1 Nxd4 10. Nxd4 Rxd4 11. Bd2 a6 12. Qc1 Bh3 13. f3 e5 14. a3 Qe7 15. Be3 Rd7 16. Kf2 e4 17. Rd1 exf3 18. Bxf3 Ng4+ 19. Bxg4 Bxg4 20. Rxd7 Qxd7 21. Qd2 Bd6 22. Re1 Re8 23. Nd5 Qf5+ 24. Kg1 Bf3 25. Nb6+ Kb8 26. Nc4 Bc5 27. b4 Be7 28. Ne5 Be4 29. Qd4 c5 30. Nd7+ Kc8 31. Nb6+ Kc7 32. bxc5 g5 33. Bf2 Bf8 34. g4 Qxg4+ 35. Bg3+ Kc6 36. Qa4+ Kxc5 37. Nd7+ Kd5 38. Nf6+ 1-0

[Event "IECC CL5-2013.07 email"]
[Site "IECC email"]
[Date "2013.09.15"]
[Round "?"]
[White "Shabashov, Maksim Fedorovich"]
[Black "Williams, Derek"]
[Result "1/2-1/2"]
[WhiteElo "1556"]
[BlackElo "1476"]
[PlyCount "81"]
[EventDate "2013.??.??"]
[EventType "tourn (corr)"]
[EventRounds "4"]
[SourceTitle "Telechess CBM 165"]
[Source "ChessBase"]
[SourceDate "2015.03.11"]
[SourceVersion "1"]
[SourceVersionDate "2015.03.11"]
[SourceQuality "1"]
[WhiteTeam "Russia"]
[BlackTeam "US of America"]
[WhiteTeamCountry "RUS"]
[BlackTeamCountry "USA"]

1. d4 Nf6 2. c4 e6 3. Nf3 Be7 4. g3 0-0 5. Bg2 d5 6. 0-0 dxc4 7. Qc2 Qd5 8. Nc3 Qh5 9. Qa4 Nc6 10. Qxc4 Nd5 11. Nxd5 exd5 12. Qb3 Bd6 13. Be3 Na5 14. Qc3 Nc4 15. Nd2 Nxe3 16. Qxe3 c6 17. Bf3 Qg6 18. Rfe1 Bh3 19. Qb3 Qg5 20. Nf1 Rab8 21. Ne3 Rfe8 22. Bg2 Be6 23. Qc3 f5 24. f4 Qg6 25. a3 Re7 26. Nf1 Rbe8 27. e3 Qh5 28. Nd2 Bf7 29. Nf3 Re6 30. Kf2 Rh6 31. Nh4 Be6 32. Nf3 Be7 33. h4 Bd6 34. Rac1 Qf7 35. Qc2 Rh5 36. Ng5 Qg6 37. Rh1 Bd7 38. Bf1 Re7 39. Bd3 Qf6 40. Be2 Rh6 41. Bf3 1/2-1/2

[Event "IECC KO-2120"]
[Site "IECC email"]
[Date "2013.06.29"]
[Round "?"]
[White "Williams, Derek"]
[Black "Gurgui, Dan Constantin"]
[Result "1/2-1/2"]
[WhiteElo "1485"]
[BlackElo "1377"]
[PlyCount "126"]
[EventDate "2013.??.??"]
[EventType "match (corr)"]
[EventRounds "2"]
[SourceTitle "Telechess CBM 165"]
[Source "ChessBase"]
[SourceDate "2015.03.11"]
[SourceVersion "1"]
[SourceVersionDate "2015.03.11"]
[SourceQuality "1"]
[WhiteTeam "US of America"]
[WhiteTeamCountry "USA"]

1. e4 e5 2. Nf3 Nf6 3. Nc3 Bb4 4. a3 Ba5 5. b4 Bb6 6. Bc4 0-0 7. 0-0 d6 8. d4 exd4 9. Nxd4 Bxd4 10. Qxd4 Re8 11. Nd5 Nxd5 12. Qxd5 Qe7 13. Bg5 Qe6 14. Rfe1 Qxd5 15. exd5 Bd7 16. b5 f6 17. Bf4 Rxe1+ 18. Rxe1 Bf5 19. Re8+ Kf7 20. Re2 Nd7 21. Be3 Nc5 22. Bxc5 dxc5 23. d6+ Kf8 24. Re7 cxd6 25. Rf7+ Ke8 26. Rxg7 Rd8 27. Rxb7 Rd7 28. Rb8+ Ke7 29. Bd3 Bxd3 30. cxd3 d5 31. Rc8 Kd6 32. Rc6+ Ke5 33. Rxc5 Kd4 34. Rc6 f5 35. Rf6 Ke5 36. Rf8 Kd4 37. Rxf5 Kxd3 38. Re5 d4 39. Rc5 Kd2 40. Kf1 Re7 41. g4 d3 42. g5 Kd1 43. Rd5 d2 44. a4 Re1+ 45. Kg2 Ke2 46. Re5+ Kd3 47. Rd5+ Kc2 48. f3 d1Q 49. Rxd1 Rxd1 50. f4 Rd5 51. Kf3 Kb3 52. Ke4 Rd7 53. a5 Kb4 54. b6 a6 55. f5 Kxa5 56. b7 Rxb7 57. f6 Kb5 58. h4 a5 59. h5 Rf7 60. Kf5 a4 61. g6 hxg6+ 62. hxg6 Rxf6+ 63. Kxf6 a3 1/2-1/2

[Event "IECC CL5-2013.03 email"]
[Site "IECC email"]
[Date "2013.06.13"]
[Round "?"]
[White "Schwenger, Kurt"]
[Black "Williams, Derek"]
[Result "0-1"]
[WhiteElo "1506"]
[BlackElo "1498"]
[PlyCount "52"]
[EventDate "2013.??.??"]
[EventType "tourn (corr)"]
[EventRounds "4"]
[SourceTitle "Telechess CBM 165"]
[Source "ChessBase"]
[SourceDate "2015.03.11"]
[SourceVersion "1"]
[SourceVersionDate "2015.03.11"]
[SourceQuality "1"]
[WhiteTeam "Germany"]
[BlackTeam "US of America"]
[WhiteTeamCountry "GER"]
[BlackTeamCountry "USA"]

1. e4 d5 2. exd5 Qxd5 3. Nc3 Qe6+ 4. Qe2 Nc6 5. Nf3 Qxe2+ 6. Bxe2 Bd7 7. d4 0-0-0 8. Be3 Bf5 9. Ne5 Nxe5 10. dxe5 a6 11. Rc1 f6 12. g4 Be6 13. f4 fxe5 14. fxe5 Nh6 15. h3 g6 16. 0-0 Nf7 17. Ne4 Nxe5 18. Nc5 Bc4 19. Bxc4 Nxc4 20. Bf4 e5 21. Ne6 exf4 22. Nxd8 Bc5+ 23. Kh1 Rxd8 24. Rxf4 Be3 25. Rxc4 Bxc1 26. b3 b5 0-1

[Event "IECC KO-2121"]
[Site "IECC email"]
[Date "2013.06.03"]
[Round "?"]
[White "Hutton, Andrew D"]
[Black "Williams, Derek"]
[Result "0-1"]
[WhiteElo "1223"]
[BlackElo "1463"]
[PlyCount "48"]
[EventDate "2013.??.??"]
[EventType "match (corr)"]
[EventRounds "2"]
[SourceTitle "Telechess CBM 165"]
[Source "ChessBase"]
[SourceDate "2015.03.11"]
[SourceVersion "1"]
[SourceVersionDate "2015.03.11"]
[SourceQuality "1"]
[WhiteTeam "Hong Kong"]
[BlackTeam "US of America"]
[WhiteTeamCountry "HKG"]
[BlackTeamCountry "USA"]

1. e4 d5 2. e5 e6 3. d4 Nd7 4. Nf3 Bb4+ 5. Bd2 Bxd2+ 6. Nbxd2 Nh6 7. Bb5 0-0 8. Qe2 c6 9. Ba4 b5 10. Bb3 a5 11. a3 Ba6 12. Qe3 a4 13. Ba2 Qe7 14. 0-0-0 b4 15. Nb1 Rab8 16. Nfd2 Nf5 17. Qf4 Be2 18. Nf3 Bxd1 19. Rxd1 b3 20. Bxb3 axb3 21. cxb3 c5 22. Nbd2 cxd4 23. Nxd4 g5 24. Nxf5 Qc5+ 0-1

[Event "IECC M1-2013.T016"]
[Site "IECC email"]
[Date "2013.02.09"]
[Round "?"]
[White "Von Rosenberg, Clemens"]
[Black "Williams, Derek"]
[Result "0-1"]
[WhiteElo "1088"]
[BlackElo "1529"]
[PlyCount "46"]
[EventDate "2013.??.??"]
[EventType "match (corr)"]
[EventRounds "2"]
[SourceTitle "Telechess CBM 165"]
[Source "ChessBase"]
[SourceDate "2015.03.11"]
[SourceVersion "1"]
[SourceVersionDate "2015.03.11"]
[SourceQuality "1"]
[BlackTeam "US of America"]
[BlackTeamCountry "USA"]

1. e4 e5 2. Nf3 Nc6 3. Bb5 a6 4. Ba4 b5 5. Bb3 Nf6 6. 0-0 Be7 7. Re1 0-0 8. c3 d6 9. d4 Bg4 10. d5 Na5 11. Bc2 h6 12. h3 Bd7 13. Be3 Nc4 14. Bc1 c6 15. dxc6 Bxc6 16. Nbd2 Nb6 17. Nf1 Qc7 18. Be3 Nc4 19. Bc1 d5 20. exd5 Bxd5 21. Ne3 Nxe3 22. Bxe3 Rad8 23. Nd2 Qc6 0-1

[Event "IECC CL5-2012.07 email"]
[Site "IECC email"]
[Date "2012.10.02"]
[Round "?"]
[White "Filgueira, Horacio"]
[Black "Williams, Derek"]
[Result "1-0"]
[WhiteElo "1406"]
[BlackElo "1473"]
[PlyCount "47"]
[EventDate "2012.??.??"]
[EventType "tourn (corr)"]
[EventRounds "4"]
[SourceTitle "Telechess CBM 165"]
[Source "ChessBase"]
[SourceDate "2015.03.11"]
[SourceVersion "1"]
[SourceVersionDate "2015.03.11"]
[SourceQuality "1"]
[WhiteTeam "Argentina"]
[BlackTeam "US of America"]
[WhiteTeamCountry "ARG"]
[BlackTeamCountry "USA"]

1. d4 d5 2. c4 dxc4 3. Nf3 Be6 4. e4 Nf6 5. Nc3 c6 6. Ng5 h6 7. Nxe6 fxe6 8. e5 Nd5 9. Qh5+ Kd7 10. Bxc4 Nb6 11. Bb3 Kc7 12. Bxe6 Qxd4 13. 0-0 Na6 14. Rd1 Qb4 15. a3 Qc5 16. Be3 Qa5 17. b4 Nxb4 18. axb4 Qxb4 19. Bxb6+ Kxb6 20. Rab1 Qxb1 21. Nxb1 a6 22. Qf3 g5 23. Qb3+ Ka7 24. Qe3+ 1-0

[Event "P-4632"]
[Site "IECC email"]
[Date "2010.03.18"]
[Round "?"]
[White "Bottoni, Carlo"]
[Black "Williams, Derek"]
[Result "1-0"]
[WhiteElo "1718"]
[BlackElo "1482"]
[PlyCount "41"]
[EventDate "2010.??.??"]
[EventType "tourn (corr)"]
[SourceTitle "Telechess CBM 149"]
[Source "ChessBase"]
[SourceDate "2012.07.17"]
[SourceVersion "1"]
[SourceVersionDate "2012.07.17"]
[SourceQuality "1"]
[WhiteTeam "Italy"]
[BlackTeam "US of America"]
[WhiteTeamCountry "ITA"]
[BlackTeamCountry "USA"]

1. Nf3 d5 2. d4 Bf5 3. c4 dxc4 4. Nc3 Nf6 5. Ne5 Nbd7 6. Nxc4 e6 7. f3 Be7 8. e4 Bg6 9. Qb3 b6 10. e5 Nd5 11. Nxd5 exd5 12. Ne3 0-0 13. Qxd5 Bb4+ 14. Kf2 c5 15. Bb5 Nxe5 16. dxe5 Qh4+ 17. g3 Qh5 18. h4 Rad8 19. g4 Qh6 20. Bd7 Kh8 21. Nf1 1-0

[Event "IECC KO-2093"]
[Site "IECC email"]
[Date "2008.02.12"]
[Round "?"]
[White "Jordaan, Wayne"]
[Black "Williams, Derek"]
[Result "1-0"]
[WhiteElo "1784"]
[BlackElo "1510"]
[PlyCount "59"]
[EventDate "2007.??.??"]
[EventType "match (corr)"]
[EventRounds "2"]
[SourceTitle "Corr 2013"]
[Source "ChessBase"]
[SourceDate "2012.11.12"]
[SourceVersion "1"]
[SourceVersionDate "2012.11.12"]
[SourceQuality "1"]
[WhiteTeam "US of America"]
[BlackTeam "England"]
[WhiteTeamCountry "USA"]
[BlackTeamCountry "ENG"]

1. d4 d5 2. c4 dxc4 3. Nf3 Be6 4. e3 a6 5. Ng5 Qd5 6. e4 Qd7 7. Be2 Nf6 8. 0-0 c6 9. e5 Nd5 10. Nxe6 Qxe6 11. Bxc4 Nd7 12. a4 N7b6 13. Bb3 Qg6 14. Bc2 f5 15. exf6 Qxf6 16. a5 Nc4 17. Nc3 0-0-0 18. Bb3 Nxc3 19. bxc3 Nd6 20. Re1 h5 21. Be6+ Kb8 22. Rb1 Ka8 23. Qb3 Rb8 24. Qb6 g5 25. Ba3 Nc4 26. Bxc4 e5 27. Bxa6 Qf7 28. Bc1 exd4 29. Re8 Qxe8 30. Bxb7+ 1-0

[Event "IECC KO-2085"]
[Site "IECC email"]
[Date "2007.11.12"]
[Round "?"]
[White "Szabo, Sandor"]
[Black "Williams, Derek"]
[Result "1-0"]
[WhiteElo "1633"]
[BlackElo "1531"]
[PlyCount "41"]
[EventDate "2007.??.??"]
[EventType "match (corr)"]
[EventRounds "2"]
[SourceTitle "Corr 2020"]
[Source "ChessBase"]
[SourceDate "2019.09.30"]
[SourceVersion "1"]
[SourceVersionDate "2019.09.30"]
[SourceQuality "1"]
[WhiteTeam "Hungary"]
[BlackTeam "United States"]
[WhiteTeamCountry "HUN"]
[BlackTeamCountry "USA"]

1. d4 e6 2. e4 d5 3. e5 Bd7 4. Nf3 c5 5. c3 Nc6 6. Be2 cxd4 7. cxd4 Bb4+ 8. Nc3 Nge7 9. a3 Bxc3+ 10. bxc3 0-0 11. Bd3 Qc7 12. Bxh7+ Kxh7 13. Ng5+ Kg6 14. h4 Qb6 15. Qg4 Nf5 16. h5+ Kh6 17. Nxf7+ Kh7 18. Qg6+ Kg8 19. Ng5 Rfc8 20. Qf7+ Kh8 21. h6 1-0